000 00207 a2200097 4500
001 7134
100 _aRamey, R.L
245 _aElectronics and instrumentation
260 _a
_bIliffe
_c
090 _c5903
_d5903
942 _aNUST-CAE
_cM
_c32382
999 _c242207
_d242207